<?xml version="1.0" encoding="UTF-8"?>
<marc:record xmlns:marc="http://www.loc.gov/MARC21/slim">
   <marc:leader>00000nam a2200000 a 4500</marc:leader>
   <marc:datafield ind1="0" ind2="0" tag="245">
      <marc:subfield code="a">Poor Things</marc:subfield>
   </marc:datafield>
   <marc:datafield ind1=" " ind2="1" tag="264">
      <marc:subfield code="b">LEONINE DISTRIBUTION</marc:subfield>
      <marc:subfield code="c">2024</marc:subfield>
   </marc:datafield>
   <marc:datafield ind1="1" ind2=" " tag="520">
      <marc:subfield code="a">In dieser wilden und unglaublichen Geschichte wird die junge Bella Baxter von dem brillanten und unorthodoxen Wissenschaftler Dr. Godwin Baxter von den Toten zurück ins Leben geholt. Wissbegierig und hungrig auf das Leben bricht sie mit Duncan Wedderburn zu einem rasanten Abenteuer über die Kontinente auf.</marc:subfield>
   </marc:datafield>
   <marc:datafield ind1=" " ind2=" " tag="020">
      <marc:subfield code="a">4061229451505</marc:subfield>
      <marc:subfield code="9">4061229451505</marc:subfield>
   </marc:datafield>
   <marc:datafield ind1="0" ind2=" " tag="490">
      <marc:subfield code="v">0</marc:subfield>
   </marc:datafield>
   <marc:datafield ind1=" " ind2=" " tag="300">
      <marc:subfield code="a">136 min</marc:subfield>
   </marc:datafield>
</marc:record>
